Perspectives econòmiques de Hong Kong com a regió administrativa especial de la Xina / Jordi Palou Massip ; direcció i coordinació: Josep Manuel Giménez i Sanz, Elena Domínguez i Carrillo Josep Manuel Giménez i Sanz, Elena Domínguez i Carrillo
Descripción Física:
43 p. ; 30 cm
Otros Autores:
Giménez i Sanz, Josep Manuel
,
Domínguez Carrillo, Elena
,
Catalunya. Direcció General de Promoció Comercial
Materias:
Hong Kong -- Condicions econòmiques
MARC
| LEADER | 00000nam a2200000Ia 4500 | ||
|---|---|---|---|
| 001 | 10824 | ||
| 008 | 160829s1994 xx 000 0 cat d | ||
| 080 | |a FU-27-26 | ||
| 100 | |a Palou, Jordi |9 27367 | ||
| 245 | |a Perspectives econòmiques de Hong Kong com a regió administrativa especial de la Xina / Jordi Palou Massip ; direcció i coordinació: |b Josep Manuel Giménez i Sanz, Elena Domínguez i Carrillo | ||
| 260 | |a Barcelona : |b Generalitat de Catalunya, Direcció General de Promoció Comercial, |c 1994 | ||
| 300 | |a 43 p. ; |c 30 cm | ||
| 650 | |a Hong Kong |x Condicions econòmiques |9 27368 | ||
| 700 | 1 | |a Giménez i Sanz, Josep Manuel |9 27369 | |
| 700 | 1 | |a Domínguez Carrillo, Elena |9 27370 | |
| 700 | |a Catalunya. Direcció General de Promoció Comercial |9 22013 | ||
| 901 | |a Arxiu | ||
| 942 | |n 1 | ||
| 952 | |0 0 |1 0 |4 0 |6 FU2726 |7 1 |9 44364 |a Arxiu |b Arxiu |d 2016-12-01 |l 0 |o FU-27-26 |p 10824 |r 2016-12-01 00:00:00 |w 2016-12-01 |y ARXIU | ||
| 999 | |c 46945 |d 46945 | ||